Szacunek korzysci Polski z tytulu GSP.

Poľsko a Maďarsko používajú od januára 1990 colné preferencie v rámci GSP (Generalized System of Preferences), ktoré im poskytuje Európske spoločenstvo. Metodologické predpoklady analýzy. Pojem colných preferencií. Odhad výhod. Odhad rastu hodnoty z titulu GSP. Závery.

Enregistré dans:
Détails bibliographiques
Auteur principal: Kawecka-Wyrzykowska, Elzbieta
Format: Chapitre de livre
Langue:polonais
Sujets:
Tags: Ajouter un tag
Pas de tags, Soyez le premier à ajouter un tag!

MARC

LEADER 00000naa a2200000 4500
001 r005529
005 20221125123213.3
041 0 |a pol 
044 |a PL 
245 1 0 |a Szacunek korzysci Polski z tytulu GSP.  |c E. Kawecka-Wyrzykowska 
520 |a Poľsko a Maďarsko používajú od januára 1990 colné preferencie v rámci GSP (Generalized System of Preferences), ktoré im poskytuje Európske spoločenstvo. Metodologické predpoklady analýzy. Pojem colných preferencií. Odhad výhod. Odhad rastu hodnoty z titulu GSP. Závery. 
610 2 0 |a preferencie 
610 2 0 |a GSP 
610 2 0 |a PR 
610 2 0 |a Európske spoločenstvá 
610 2 0 |a clá preferenčné 
100 1 |a Kawecka-Wyrzykowska, Elzbieta